Electrical and Optical Characterization of Progressive Light-Emitting Diodes : dát. obhaj. 25.8.2017, č. ved. odb. 5-2-13

Guardado en:
Detalles Bibliográficos
Autor principal: Hronec, Pavol (Autor)
Otros Autores: Kováč, Jaroslav (Orientador)
Formato: Manuscrito Libro
Lenguaje:eslovaco
inglés
Publicado: Bratislava : STU v Bratislave, 2017
Materias:
Acceso en línea:http://is.stuba.sk/zp/portal_zp.pl?podrobnosti=137240
Etiquetas: Agregar Etiqueta
Sin Etiquetas, Sea el primero en etiquetar este registro!

MARC

LEADER 00000ntm a22000003a 4500
001 stuzp65650
003 SK-STU
005 20230413095815.7
007 ta
008 150427s2015----xo-----f-mn---000-0-slo-d
040 |a STU  |b slo 
041 0 |a eng 
100 1 |a Hronec, Pavol  |u 033000  |4 aut  |U FEI Fakulta elektrotechniky a informatiky  |T FEI Ústav elektroniky a fotoniky  |X 35917  |U E030  |Y 549  |7 A000035917 
242 0 1 |a Charakterizácia elektrických a optických vlastností progresívnych elektroluminiscenčných diód  |y slo 
245 1 0 |a Electrical and Optical Characterization of Progressive Light-Emitting Diodes :  |b dát. obhaj. 25.8.2017, č. ved. odb. 5-2-13 
260 |a Bratislava : 
260 |b STU v Bratislave, 
260 |c 2017 
300 |a 99 s.,  |b AUTOREF. 2017 
650 4 |a LED  |2 slo 
650 4 |a PhC  |2 slo 
650 4 |a charakterizácia  |2 slo 
650 4 |a LED  |2 eng 
650 4 |a PhC  |2 eng 
650 4 |a characterization  |2 eng 
700 1 |a Kováč, Jaroslav  |u 033000  |k Z1  |4 ths  |U FEI Fakulta elektrotechniky a informatiky  |T FEI Ústav elektroniky a fotoniky  |X 2102  |U E030  |Y 549  |7 A000002102 
856 4 |u http://is.stuba.sk/zp/portal_zp.pl?podrobnosti=137240 
996 |b 284ED01590  |c E*ZP-453  |l EE01  |s A  |a 24  |w stuzp65650_0001